[Event "EU-ch U10 Girls"]
[Site "Bratislava"]
[Date "2019.08.06"]
[Round "5"]
[White "Alexandri, Dimitra"]
[Black "Khatkova, Sofia"]
[Result "1/2-1/2"]
[WhiteElo "1128"]
[BlackElo "1013"]
[PlyCount "98"]
[EventDate "2019.08.02"]
[EventType "swiss"]
[EventRounds "9"]
[EventCountry "SVK"]
[SourceTitle "EXT 2020"]
[Source "ChessBase"]
[SourceDate "2019.10.17"]
[SourceVersion "1"]
[SourceVersionDate "2019.10.17"]
[SourceQuality "1"]

1. d4 d5 2. c4 e6 3. Nc3 Nf6 4. Bg5 Be7 5. e3 0-0 6. Nf3 Nbd7 7. Be2 b6 8. 0-0 Bb7 9. Nd2 c5 10. dxc5 Nxc5 11. Qc2 h6 12. Bxf6 Bxf6 13. cxd5 Bxd5 14. Nxd5 exd5 15. Rab1 Qe7 16. Bf3 Rfd8 17. b4 Ne4 18. Nxe4 dxe4 19. Qxe4 Qxe4 20. Bxe4 Rac8 21. Rfd1 Re8 22. Bd5 Rc2 23. Bb3 Rb2 24. Rxb2 Bxb2 25. Rb1 Ba3 26. Bd5 Rc8 27. g3 Rc1+ 28. Rxc1 Bxc1 29. Kf1 Ba3 30. b5 Kf8 31. Ke2 Ke7 32. Kd3 f6 33. e4 Bc5 34. Ke2 Kd6 35. f4 g5 36. fxg5 fxg5 37. a4 Ke5 38. h3 Kd4 39. Kd2 Bb4+ 40. Ke2 Bd6 41. Kf3 Kc5 42. Bb3 Kb4 43. Bd1 Kc3 44. g4 Kd2 45. Be2 Bf4 46. Bc4 Kc3 47. Be2 Kd2 48. Kf2 Be3+ 49. Kf3 Bf4 1/2-1/2

[Event "EU-ch U10 Girls"]
[Site "Bratislava"]
[Date "2019.08.05"]
[Round "4"]
[White "Khatkova, Sofia"]
[Black "Gretic, Tina"]
[Result "1/2-1/2"]
[WhiteElo "1013"]
[BlackElo "1188"]
[PlyCount "103"]
[EventDate "2019.08.02"]
[EventType "swiss"]
[EventRounds "9"]
[EventCountry "SVK"]
[SourceTitle "EXT 2020"]
[Source "ChessBase"]
[SourceDate "2019.10.17"]
[SourceVersion "1"]
[SourceVersionDate "2019.10.17"]
[SourceQuality "1"]

1. e4 e5 2. Nf3 Nc6 3. Bc4 Bc5 4. c3 Nf6 5. d3 h6 6. Bb3 0-0 7. 0-0 Bb6 8. Re1 Re8 9. Nbd2 d5 10. Nf1 dxe4 11. dxe4 Qxd1 12. Bxd1 Ng4 13. Re2 Be6 14. Ne3 Rad8 15. Bb3 Bxb3 16. axb3 Nf6 17. Nf5 Rd1+ 18. Ne1 Nh5 19. Kf1 Nf4 20. Ne3 Bxe3 21. Rxe3 Red8 22. g3 Nd3 23. Rxd3 R8xd3 24. Ke2 Rd8 25. Nf3 R1d6 26. Be3 b6 27. Nh4 a5 28. Nf5 R6d7 29. f4 exf4 30. gxf4 Ne7 31. Nd4 c5 32. Nf3 Nc6 33. Rg1 Kf8 34. Nh4 h5 35. Nf5 g6 36. Nh4 Re8 37. Kf3 Ne7 38. f5 Nc6 39. Bh6+ Ke7 40. fxg6 Ne5+ 41. Ke2 Nxg6 42. Bg5+ Ke6 43. Nf5 Ke5 44. Ke3 f6 45. Bh6 Ne7 46. Bf4+ Ke6 47. Ng7+ Kf7 48. Nxe8 Kxe8 49. e5 Nd5+ 50. Kf3 Nxf4 51. Kxf4 fxe5+ 52. Kxe5 1/2-1/2

[Event "EU-ch U10 Girls 28th"]
[Site "Riga"]
[Date "2018.08.24"]
[Round "5"]
[White "Vojinovic, Anastasija"]
[Black "Khatkova, Sofia"]
[Result "1-0"]
[WhiteElo "1304"]
[BlackElo "1027"]
[PlyCount "39"]
[EventDate "2018.08.20"]
[EventType "swiss"]
[EventRounds "9"]
[EventCountry "LAT"]
[SourceTitle "CBM 186 Extra"]
[Source "ChessBase"]
[SourceDate "2018.08.24"]
[SourceVersion "1"]
[SourceVersionDate "2018.08.24"]
[SourceQuality "1"]

1. e4 d5 2. exd5 Qxd5 3. Nc3 Qd6 4. g3 Nf6 5. Bg2 c6 6. d3 Bf5 7. Nge2 e6 8. 0-0 Be7 9. Bf4 Qd7 10. Re1 h6 11. a3 0-0 12. Nc1 Bd6 13. Qd2 Re8 14. Nb3 e5 15. Be3 b6 16. Nb5 Bc7 17. Nxc7 Qxc7 18. Rad1 c5 19. Bxa8 Rd8 20. Bg2 1-0

[Event "EU-ch U10 Girls 28th"]
[Site "Riga"]
[Date "2018.08.21"]
[Round "2"]
[White "Veverkova, Dorota"]
[Black "Khatkova, Sofia"]
[Result "1-0"]
[WhiteElo "1243"]
[BlackElo "1027"]
[PlyCount "62"]
[EventDate "2018.08.20"]
[EventType "swiss"]
[EventRounds "9"]
[EventCountry "LAT"]
[SourceTitle "CBM 186 Extra"]
[Source "ChessBase"]
[SourceDate "2018.08.24"]
[SourceVersion "1"]
[SourceVersionDate "2018.08.24"]
[SourceQuality "1"]

1. e4 d5 2. exd5 Qxd5 3. Nc3 Qd6 4. Nf3 Nf6 5. d4 c6 6. Bc4 Bg4 7. Be3 e6 8. Qe2 Nbd7 9. 0-0 Qc7 10. h3 Bh5 11. a3 a6 12. Rfe1 Bd6 13. Bg5 0-0 14. Rad1 Nd5 15. Nxd5 cxd5 16. Bd3 h6 17. Be3 Nf6 18. c3 Nd7 19. g4 Bg6 20. Bxg6 fxg6 21. Nh4 g5 22. Ng2 b5 23. Qc2 Rf6 24. Bc1 Nb6 25. Re3 Nc4 26. Re2 Re8 27. Rd3 Qd7 28. Ne1 Re7 29. Rf3 Rxf3 30. Nxf3 Rf7 31. Ne1 Qc7 1-0